La naturaleza en la obra de george buchner /

Guardado en:
Autor Principal: Modern, Rodolfo E.
Formato: Libro
Publicado: Santa Fe : Facultad De Filosofia Y Letras De La Universidad, 0
Materias:
Etiquetas: Agregar Etiqueta
Sin Etiquetas, Sea el primero en etiquetar este registro!
LEADER 00763nam a22001935a 4500
001 EHU.bham009021
003 AR-BHAM
005 20100108105605.0
008 130507b######################000#0#####d
082 8 3 |a 832.607 
100 1 |a Modern, Rodolfo E. 
245 1 0 |a La naturaleza en la obra de george buchner /  |c Rodolfo E. Modern. 
260 |a Santa Fe :  |b Facultad De Filosofia Y Letras De La Universidad, 0 
300 |a 196 p. 
653 |a Teatro aleman-1751-1830 
859 |a AR-BHAM  |b BIB. HUMANIDADES - General  |h 832.607  |i M72  |p 373.90  |t Ej.1 
859 |a AR-BHAM  |b BIB. HUMANIDADES - General  |h 832.607  |i M72  |p 374.90  |t Ej.1 
859 |a AR-BHAM  |b BIB. HUMANIDADES - General  |h 832.607  |i M72  |p 375.90  |t Ej.1 
859 |a AR-BHAM  |b BIB. HUMANIDADES - General  |h 832.607  |i M72  |p 99291.68  |t Ej.1